000 00475nam a2200181Ia 4500
001 2343
005 20260306144800.0
008 260306t2013||||xx |||||||||||||| ||spa||
041 _aESP
082 _a616.89
_bA53
100 _aAmerican Psychiatric Association
_eAUT
245 0 _aDiagnostic and statistical manual of mental disorders:
_bDSM-5
260 _c2013
300 _axliv, 947 páginas :
_c26 cm.
650 _aGEN
654 _aCPS
942 _cLIB
_dJUS
_fJUS
_2ddc
_n
999 _c2343
_d2343